Poésies / (Record no. 164906)
[ view plain ]
| 000 -LEADER | |
|---|---|
| campo de control de longitud fija | 00681nam a2200193 i 4500 |
| 001 - NÚMERO DE CONTROL | |
| campo de control | 164906 |
| 003 - IDENTIFICADOR DE NÚMERO DE CONTROL | |
| campo de control | ES-MaACL |
| 005 - FECHA Y HORA DE LA ÚLTIMA TRANSACCIÓN | |
| campo de control | 20250313063304.0 |
| 008 - DATOS DE LONGITUD FIJA--INFORMACIÓN GENERAL | |
| campo de control de longitud fija | 001129s1859 fr |||| | fre d |
| 100 1# - ENTRADA PRINCIPAL--NOMBRE DE PERSONA | |
| Nombre de persona | Schiller, Friedrich, |
| Fechas asociadas al nombre | 1759-1805 |
| 9 (RLIN) | 104361 |
| 245 10 - MENCIÓN DEL TÍTULO | |
| Título | Poésies / |
| Mención de responsabilidad, etc. | de Schiller ; traduction nouvelle par Ad. Regnier. |
| 260 ## - PUBLICACIÓN, DISTRIBUCIÓN, ETC. | |
| Lugar de publicación, distribución, etc. | París : |
| Nombre del editor, distribuidor, etc. | Librairie de L. Hachette et Cie., |
| Fecha de publicación, distribución, etc. | 1859 ( |
| Fabricante | Imp. de Ch. Lahure et Cie.) |
| 300 ## - DESCRIPCIÓN FÍSICA | |
| Extensión | XVI, 590 p. ; |
| Dimensiones | 23 cm. |
| 490 1# - MENCIÓN DE SERIE | |
| Mención de serie | Oeuvres de Schiller ; |
| Designación de volumen o secuencia | 1 |
| 700 1# - ENTRADA AGREGADA--NOMBRE PERSONAL | |
| Nombre de persona | Regnier, Adolphe. |
| 9 (RLIN) | 168568 |
| 830 0# - PUNTO DE ACCESO ADICIONAL DE SERIE-TÍTULO UNIFORME | |
| Título uniforme | Oeuvres de Schiller ; |
| Designación de volumen o secuencia | 1 |
| 9 (RLIN) | 188505 |
| 852 ## - LOCALIZACIÓN | |
| Ubicación | ES-MaACL |
| Número de control de estantería | B-1230 |
| Nota libre | - Enc. hol. |
| Estatus retirado | Estado de pérdida | Estado de daño | No para préstamo | Colección | Biblioteca de origen | Biblioteca actual | Ubicación en estantería | Fecha de adquisición | Fuente de adquisición | Total de préstamos | Signatura topográfica completa | Código de barras | Visto por última vez | Precio de reemplazo | Tipo de ítem Koha |
|---|---|---|---|---|---|---|---|---|---|---|---|---|---|---|---|
| Libros del s. XIX | Biblioteca del Ateneo de Madrid | Biblioteca del Ateneo de Madrid | Sala Pardo Bazán | 17/01/2008 | B-1230 | 1172871 | 23/02/2023 | 23/02/2023 | Libro impreso antiguo |
